LIBRARY ONLINE CATALOGUE

Rosa mistika / (Record no. 8162)

MARC details
000 -LEADER
fixed length control field 00738nam a22002292 4500
001 - CONTROL NUMBER
control field 0000012069
005 - DATE AND TIME OF LATEST TRANSACTION
control field 20151217152106.0
008 - FIXED-LENGTH DATA ELEMENTS--GENERAL INFORMATION
fixed length control field 090129s xx 000 0 eng d
020 ## - INTERNATIONAL STANDARD BOOK NUMBER
International Standard Book Number 9966446737 :
040 ## - CATALOGING SOURCE
Original cataloging agency KABU
Transcribing agency KABU
100 1# - MAIN ENTRY--PERSONAL NAME
Personal name Kezilahabi, Euphrase.
-- 0000168260
245 10 - TITLE STATEMENT
Title Rosa mistika /
Statement of responsibility, etc. Euphrase Kezilahabi.
250 ## - EDITION STATEMENT
Edition statement 1st ed.
260 ## - PUBLICATION, DISTRIBUTION, ETC. (IMPRINT)
Place of publication, distribution, etc. Nairobi :
Name of publisher, distributor, etc. K. L. B.,
Date of publication, distribution, etc. 2005.
300 ## - PHYSICAL DESCRIPTION
Extent 98 p.
852 1# - LOCATION
-- p185 KES
852 1# - LOCATION
-- p220 KES
852 1# - LOCATION
-- p220 KES
852 1# - LOCATION
-- p220 KES
908 ## - PUT COMMAND PARAMETER (RLIN)
Put command parameter 090129
950 ## - LOCAL HOLDINGS (RLIN)
-- 1
Holdings
Withdrawn status Lost status Source of classification or shelving scheme Not for loan Home library Current library Date acquired Total Checkouts Full call number Barcode Date last seen Price effective from Koha item type Damaged status Date last checked out Total Renewals Copy number Cost, replacement price
    Library of Congress Classification   Kabarak, Main Campus Kabarak, Main Campus 17/12/2015   PL8704 .K49R6 2005 c. 2 16206 17/12/2015 17/12/2015 General Collection          
    Library of Congress Classification   Kabarak, Main Campus Kabarak, Main Campus 17/12/2015   PL8704 .K49R6 2005 c. 3 23921 17/12/2015 17/12/2015 General Collection          
    Library of Congress Classification   Kabarak, Main Campus Kabarak, Main Campus 17/12/2015   PL8704 .K49R6 2005 c. 4 23922 17/12/2015 17/12/2015 General Collection          
    Library of Congress Classification   Kabarak, Main Campus Kabarak, Main Campus 17/12/2015   PL8704 .K49R6 2005 c. 5 23923 17/12/2015 17/12/2015 General Collection          
  Lost Library of Congress Classification   Kabarak, Main Campus Kabarak, Main Campus 17/12/2015 1 PL8704 .K49R6 2005 c. 6 23920 29/02/2016 17/12/2015 General Collection   29/02/2016      
    Library of Congress Classification   Kabarak, Main Campus Kabarak, Main Campus 17/12/2015   PL8704 .K49R6 2005 c. 1 16207 17/12/2015 17/12/2015 Africana Collection          
    Library of Congress Classification   Kabarak, Main Campus Kabarak, Main Campus 22/09/2017 26 PL8704 .K49R6 2005 c.7 027660 30/03/2022 22/09/2017 General Collection   30/03/2022 2 c.7 451.24